Eclesiastés y eclesiástico o Qohélet y Sirácida
Salvato in:
| Autore principale: | |
|---|---|
| Natura: | Libro |
| Lingua: | spagnolo |
| Pubblicazione: |
Pamplona
Verbo Divino
1997
|
| Serie: | Cuadernos Bíblicos, 91
|
| Soggetti: | |
| Tags: |
Aggiungi Tag
Nessun Tag, puoi essere il primo ad aggiungerne!!
|
MARC
| LEADER | 00000nam a2200000 a 4500 | ||
|---|---|---|---|
| 001 | UCS5889 | ||
| 003 | CL-VaPUC | ||
| 008 | 970906e19970000SP |||||||||||||||||spa|d | ||
| 082 | 0 | 4 | |a 223.8 |b DOR |2 21 |
| 100 | 0 | |a Doré, Daniel |e author |9 391438 | |
| 245 | 1 | 0 | |a Eclesiastés y eclesiástico o Qohélet y Sirácida |
| 300 | |a 72 p | ||
| 942 | |c BK | ||
| 945 | |d 19970906 00:00:00 |a aalvarez | ||
| 260 | |a Pamplona |b Verbo Divino |c 1997 | ||
| 600 | 0 | 7 | |a QOHELET |2 CL-VaPUC |9 391439 |
| 650 | 7 | |a ECLESIASTES |2 CL-VaPUC |9 391440 | |
| 583 | |a last modification |c 20130401 11:09:23 |k Rodrigo Vera | ||
| 490 | 0 | |a Cuadernos Bíblicos, 91 | |
| 999 | |c 262020 |d 262018 | ||
| 952 | |0 0 |1 0 |4 0 |6 223_800000000000000_DOR_1997 |7 0 |8 A |9 290172 |a BIBTEO |b BIBTEO |d 2019-11-19 |i 3342158 |l 4 |o 223.8 DOR 1997 |p 3342158 |r 2025-01-17 |s 2024-04-16 |w 2019-11-19 |y BK |k ICR | ||